Quizzes
Events
Quiz Creation
Community
Videos
Private Events
Remove Ads
Sign In
Join for FREE
Feedback
Dark Mode
Quiz Categories
Sports
Geography
Music
Movies
Television
Just For Fun
Miscellaneous
History
Literature
Language
Science
Gaming
Entertainment
Religion
Holiday
For Kids
Quiz Lab
Recent
Popular Today
Quiz Kudos Today
Editor Picks
Curator Picks
Quizzes by...
Day
Popularity
Type
Ratings
Length
Year
Community
Subscriptions
Recent Discussions
Orange Saloon
Badges
Playlists
Quests
Create
Leaderboards
Showdown
Live 5
Trivia Bingo
Activity
Puzzle Library
Sporcle Events
Private Events
Virtual Trivia
Globe League
Become a Host
Pub Owners
SporcleCon
Opinionation
Our Games
Videos
Blog
Mobile Apps
Partnerships
Remove Ads and Go Orange
Feedback
Entertainment
Celebrity
Famous
Musical
Broadway
Show
Quote
Comic Books
Anime
Superhero
DC Comics
Marvel
Cartoons
Animation
Entertainment
Celebrity
Famous
Musical
Broadway
Show
Quote
Comic Books
Anime
Superhero
DC Comics
Marvel
Cartoons
Animation
Random Quiz
Search Sporcle
×
Quiz Lab
Quiz Lab
Entertainment
Clever
Type in answers that appear in a list
Type in answers that appear in a list
Classic
Best Score? Go Orange.
Are you really that clever? Stats
Can you name the Are you really that clever??
By
Jasroop
10m
20 Questions
39 Plays
39 Plays
39 Plays
Comments
Comments
Give Quiz Kudos
Give Quiz Kudos
-
- Ratings
hide this ad
Random Order
Randomize order of answers
Randomize order of answers
Replay
Link that replays current quiz
Next Quiz
Link to next quiz in quiz playlist
You Got
0%
They Got
Avg Score
87%
Avg Friend Score
Upgrade to see
Score Distribution
Jump to the score distribution portion of the page
Score
0/20
Timer
10:00
0
Plays Today
Trivia
Answer
% Correct
The Eiffel Tower is found in which European capital city?
Paris
100%
Who sang the 1980s hit song 'Billie Jean'?
Michael Jackson
97.4%
The positive square root of 36 is...?
Six
97.4%
What is the capital city of Greece?
Athens
97.4%
Kate Winslet and Leonardo DiCaprio starred in what James Cameron film?
Titanic
97.4%
Which singer first (and most famously) sang 'Jailhouse Rock'?
Elvis Presley
94.9%
'Poker Face,' 'Just Dance' and 'Bad Romance' are all hit singles by which artist?
Lady Gaga
94.9%
Which chemical element has the symbol Au?
Gold
94.9%
How many letters are there in the English alphabet?
Twenty six
94.9%
What is the Japanese word for 'harbour wave'?
Tsunami
92.3%
Trivia
Answer
% Correct
What does the acronym 'KFC' stand for?
Kentucky Fried Chicken
92.3%
How many sides does a pentagon have?
Five
92.3%
A 'Bloody Mary' cocktail contains which alcoholic spirit?
Vodka
89.7%
Venison is a name given to the meat of which animal?
Deer
89.7%
Which star of the film 'Rebel Without a Cause' died at the age of 24?
James Dean
82.1%
Which city hosted the 2008 Summer Olympics?
Beijing
82.1%
Canberra is the capital city of which country?
Australia
79.5%
'Animal Farm' was written by which author?
George Orwell
76.9%
In which century did the American Civil War take place?
Nineteenth
76.9%
Pythagoras' Theorem is a theorem concerning which shape?
Right-angled triangle
20.5%
Quiz Playlist
Details
Report
Send in Message
Add To Playlist
Classic:
Type in answers that appear in a list
Random Order:
Randomize order of answers
Last Updated: Feb 16, 2017
Quiz Scoreboard
CHALLENGE
Sign Up to Join the Scoreboard
Show All
Scores
Hide
Comments
May contain spoilers
Recently Published
Click the 1999 NBA Draft
by nibperrychub
Sports
2m
Alphabetical 'K' Countries by Flag Minefield
by ylime102
Geography
3m
Pick 6: Fruits
by JohnFran
Miscellaneous
15s
More to Explore
Quiz From the Vault
Featured Blog Post
15 Basketball Trivia Facts You Can Be March Mad About
hide this ad
You Might Also Like...
Tags
Clever
Today's Top Quizzes in Entertainment
Browse Entertainment
hide this ad
Today's Top Quizzes in Clever
Browse Clever
Top Contributed Quizzes in Entertainment
1
Eurovision 2023 Logic Puzzle
2
The Joker Actors by Order
3
Spider-Man Actors by Order
4
JoJo's Bizarre Logic Quiz
5
Marvel, Role-Playing, Shakespeare, and Cats, Oh My!
6
Click the Fictional John
7
Dragon Ball Z: Goku's Fights in Order
8
Click the Fictional Bruce
9
Picture Click Blitz: Snow White
10
The Incredible Hulk Actors by Order
Explore More
Trending Topics
NBA
Marvel
Kpop
Harry Potter
Anime
Disney
Crossword
Pokémon
Country
Song
Soccer
Puzzle
NFL
WWE
The Office
hide this ad
More By:
Jasroop
Quiz
Plays
Rating
Category
Featured
Created
Expanding Brackets JSK
47
1.00
Just For Fun
Nov 12, 2012
Go to Creator's Profile
Score Distribution
Quiz Creator Spotlight
Jasroop
Follow
Send a Message
Quizzes Created
-
Created Quiz Play Count
-
More By This Creator
Popular Quizzes Today
1
Countries of Asia Without Outlines Minefield
2
Find the US States - No Outlines Minefield
3
Pick 6: Fruits
4
Alphabetical 'K' Countries by Flag Minefield
5
The Countries of the World
6
Find the Countries of Europe - No Outlines Minefield
7
Find the US States
8
US States
More Entertainment Quizzes
Quick Pick: Marvel Songs
Curator's Pick
Trending Quizzes
Pick 6: Mountains
Pick 6: Harry Potter
Pick 6: Flags
Pick 6: NFL Teams
Pick 6: Movie Franchises
Recently Updated
NWSL Teams
pecheneg
Women's Final Four Teams by Year
bhenderson79
Presidents Quartet II
eogle
Anything But Clue(do)
eogle
Anything But Oceanian Capitals
eogle
Anything But 7
eogle
Anything But Thing
eogle
Word Ladder: February 29
pecheneg
Song Title Questions
pecheneg
Women's NCAA Tournament #1 Seeds
pecheneg
Trending Topics
Marvel
Kpop
Disney
Anime
Crossword
Harry Potter
NBA
Soccer
Pokémon
WWE
Puzzle
The Office
Song
Country
NFL
Your Account Isn't Verified!
In order to create a playlist on Sporcle, you need to verify the email address you used during registration. Go to your
Sporcle Settings
to finish the process.
Report this User
Report this user for behavior that violates our
Community Guidelines
.
Details:
Send Report
Go to the Sporcle.com Mobile Site →
Comments